000 00865nam0a22002411 4500
001 rc\185844
005 20250620223625.0
010 _a5-900242-22-6
_91500
035 _a(NLR Aleph) 005443992
090 _a4787317
_c4787317
100 _a20030307d1997 |||y0rusy50 ca
101 0 _arus
102 _aRU
105 _ay |||||||||
200 1 _aСпокойствие в центре вихря
_e[Когда вы в последний раз задумывались о своей жизни?]
_fПер. с исп. В.Л. Штаерман
_gПод ред. Н.Н. Самуся, А.К. Дамбиса
210 _aМ.
_cКосмоинформ
_d1997
215 _a104 с.
_d20
700 1 _aАлькаино Баррос
_bГ.
_f1936-
_gГонсало
801 0 _aRU
_bNLR
_gpsbo
801 1 _aRU
_bELAR
_2rusmarc
852 _aNLR
_j97-3/12196
942 _cBOOK
980 _aNB